Carillion lifted following Alfred McAlpine deal (Record no. 79495)

MARC details
000 -LEADER
fixed length control field 00814cab a22001935a 4500
001 - CONTROL NUMBER
control field L141458
008 - FIXED-LENGTH DATA ELEMENTS--GENERAL INFORMATION
fixed length control field 071126e20071122xxkd f s 000 0 eng d
035 ## - SYSTEM CONTROL NUMBER
System control number (Sirsi) u141458
041 0# - LANGUAGE CODE
Language code of text/sound track or separate title eng
100 1# - MAIN ENTRY--PERSONAL NAME
Personal name Menary, Steve
245 00 - TITLE STATEMENT
Title Carillion lifted following Alfred McAlpine deal
260 ## - PUBLICATION, DISTRIBUTION, ETC.
Date of publication, distribution, etc. 2007
490 #0 - SERIES STATEMENT
Series statement Construction News
Volume/sequential designation (7045) 22 November 2007, 20-21(2)
520 ## - SUMMARY, ETC.
Summary, etc. Monthly league compiled by Emap Glenigan showing Davis Langdon heading the quantity surveying table for the 12 months to October 2007. Gardiner and Theobald were runners up, with Gleeds in third place. HBG headed the contractor's league for October 2007, with Balfour Beatty in second place.
590 ## - LOCAL NOTE (RLIN)
Local note KA
651 #4 - SUBJECT ADDED ENTRY--GEOGRAPHIC NAME
Geographic name United Kingdom
Chronological subdivision
690 ## - LOCAL SUBJECT ADDED ENTRY--TOPICAL TERM (OCLC, RLIN)
Topical term or geographic name as entry element BUILT ENVIRONMENT-QUANTITY SURVEYING-QUANTITY SURVEYORS
942 ## - ADDED ENTRY ELEMENTS (KOHA)
Suppress in OPAC 0
Holdings
Withdrawn status Lost status Source of classification or shelving scheme Damaged status Not for loan Home library Current library Shelving location Date acquired Total Checkouts Full call number Barcode Date last seen Copy number Price effective from Koha item type
    Dewey Decimal Classification     London London Journal article 26/11/2007   L141458 141458-1001 06/08/2019 1 06/08/2019 Journal article